Dugonics András népiessége
Elmentve itt :
| Szerző: | |
|---|---|
| További közreműködők: | |
| Dokumentumtípus: | Szakdolgozat |
| Megjelent: |
1944
|
| Tárgyszavak: | |
| Online Access: | http://diploma.bibl.u-szeged.hu/41976 |
| LEADER | 00540nta a2200157 i 4500 | ||
|---|---|---|---|
| 001 | dipl41976 | ||
| 005 | 20160415100301.0 | ||
| 008 | 140510s1944 hu om 0|| hun d | ||
| 040 | |a SZTE Diploma Repozitórium |b hun | ||
| 041 | |a hun | ||
| 100 | 1 | |a Szabó János Tibor | |
| 245 | 1 | 0 | |a Dugonics András népiessége |h [elektronikus dokumentum] / |c János Tibor Szabó |
| 260 | |c 1944 | ||
| 650 | 4 | |a Bölcsészettudományok | |
| 700 | 1 | |a Sík Sándor |e ths | |
| 856 | 4 | 0 | |u http://diploma.bibl.u-szeged.hu/id/eprint/41976/1/1944_szabo_janos_tibor.pdf |z Dokumentum-elérés |